00511nam a2200169 i 450000100060000000300090000600500170001500700030003200800410003504000200007610000390009624500910013526000490022630000200027570000220029585200240031752991ES-MaACL20251019063040.0t|950907s1884 fr ||||1| fre d aCAM bspa cCAM1 aDostoievski, Fiódor, d1821-188113aLe crime et le chatiment / cTh. Dostoïevsky ; traduit du russe par Victor Derély. aParis : bE. Plon, Nourrit et Cie., c[1884] a2 v. ; c18 cm.1 aDerély, Victor. aES-MaACLjD-1981-82